000 00947nam a2200265Ia 4500
003 OSt
005 20221005110951.0
006 a|||||r|||| 00| 0
007 ta
008 221004b |||||||| |||| 00| 0 hin d
020 _a9788183613156 (hbk)
_c300
024 _a15529
037 _bBR6162, 24/12/2014, Rajkamal Prakashan Pvt. Ltd.
_cTextual
040 _aCRL
_cCRL
_bhin
041 _2hin
_ahin
082 _aO152,1N505x, P9
100 _aवाल्मीकि, ओमप्रकाश
245 0 _aअब और नहीं
246 _aAb aur nahīan
260 _aनई दिल्ली
_bराधाकृष्ण भारत
_c2009
300 _a106पृ0
_ccm.
650 _aहिन्दी साहित्य
942 _hO152,1N505x, P9
_cTEXL
_2cc
999 _c1020412
_d1020412